Technika optičeskoj spektroskopii
Saved in:
| Main Author: | |
|---|---|
| Format: | Book |
| Language: | Russian |
| Published: |
Moskva :
Izdateľstvo Moskovskogo universiteta,
1977
|
| Tags: |
No Tags, Be the first to tag this record!
|
MARC
| LEADER | 00000nam a22000003a 4500 | ||
|---|---|---|---|
| 001 | stu220212 | ||
| 005 | 20150617230127.2 | ||
| 008 | 110120s1986----xxr-----------------rus-d | ||
| 040 | |a STU |b slo | ||
| 041 | 0 | |a rus | |
| 044 | |a xxr | ||
| 080 | |a 535 |7 stu_us_auth*stu16839 | ||
| 100 | 1 | |a Lebedeva, Vera Vladimirovna |4 aut | |
| 245 | 1 | |a Technika optičeskoj spektroskopii | |
| 260 | |a Moskva : |b Izdateľstvo Moskovskogo universiteta, |c 1977 | ||
| 300 | |a 383 s | ||
| 996 | |b E39231 |c E*39231 |l EE10 |s P |a 0 |w stu220212_0002 | ||